Presencia cristiana en la educación chilena
Uloženo v:
| Hlavní autor: | |
|---|---|
| Médium: | Kniha |
| Jazyk: | španělština |
| Vydáno: |
Santiago
Del Pacífico
1972
|
| Témata: | |
| Tagy: |
Přidat tag
Žádné tagy, Buďte první, kdo vytvoří štítek k tomuto záznamu!
|
MARC
| LEADER | 00000nam a2200000 a 4500 | ||
|---|---|---|---|
| 001 | UCW6876 | ||
| 003 | CL-VaPUC | ||
| 008 | 920617e19720000CL |||||||||||||||||spa|d | ||
| 082 | 0 | 4 | |a 377 |b VIL |2 21 |
| 100 | 0 | |a Villegas M., Beltrán |e author |9 311955 | |
| 245 | 1 | 0 | |a Presencia cristiana en la educación chilena |
| 300 | |a 82 p | ||
| 942 | |c BK | ||
| 945 | |d 19920617 00:00:00 | ||
| 260 | |a Santiago |b Del Pacífico |c 1972 | ||
| 650 | 0 | |a Educación religiosa |9 308312 | |
| 651 | 7 | |a CHILE |2 CL-VaPUC |9 311956 | |
| 583 | |a last modification |c 19920617 00:00:00 |k Rodrigo Vera | ||
| 999 | |c 219787 |d 219785 | ||
| 952 | |0 0 |1 0 |4 0 |6 377_000000000000000_VIL_1972 |7 0 |8 P |9 211133 |a BIBEDU |b BIBEDU |c BIBEDU_PB |d 2019-11-15 |i 2793911 |o 377 VIL 1972 |p 2793911 |r 2024-01-25 |w 2019-11-15 |y BK |k EDU | ||